| Tag |
First Indicator |
Second Indicator |
Subfields |
| LEADER |
00000cam a2200000 a 4500 |
| 001 |
in00000025879 |
| 005 |
20160115090752.0 |
| 008 |
851016r19861975nyua 00110ceng |
| 010 |
|
|
|a 85026716
|
| 020 |
|
|
|a 0872260135 (pbk.)
|
| 035 |
|
|
|a (OCoLC)12807046
|
| 035 |
|
|
|9 AAB5266AM
|
| 040 |
|
|
|a DLC
|c DLC
|d TXA
|d UtOrBLW
|
| 043 |
|
|
|a e-uk-en
|
| 049 |
|
|
|a [Curr Col] TXAM
|c [A11086260]
|
| 050 |
0 |
0 |
|a PR4168
|b .W49 1986
|
| 082 |
0 |
|
|a 823/.8/09
|2 19
|
| 100 |
1 |
|
|a Wilks, Brian,
|d 1933-
|
| 245 |
1 |
4 |
|a The Brontës /
|c Brian Wilks.
|
| 250 |
|
|
|a 1st American pbk. ed.
|
| 264 |
|
1 |
|a New York :
|b P. Bedrick Books,
|c 1986
|
| 264 |
|
4 |
|c ©1975
|
| 300 |
|
|
|a 144 pages :
|b illustrations (some color) ;
|c 30 cm.
|
| 336 |
|
|
|a text
|b txt
|2 rdacontent
|
| 337 |
|
|
|a unmediated
|b n
|2 rdamedia
|
| 338 |
|
|
|a volume
|b nc
|2 rdacarrier
|
| 500 |
|
|
|a Originally published: London ; New York : Hamlyn, c1975.
|
| 500 |
|
|
|a Includes index.
|
| 600 |
3 |
0 |
|a Brontë family.
|
| 650 |
|
0 |
|a Authors, English
|y 19th century
|v Biography.
|
| 651 |
|
0 |
|a Yorkshire (England)
|x Biography.
|
| 999 |
|
|
|a MARS
|
| 999 |
f |
f |
|s e233c4a8-7cda-3166-8922-b6e11d7e7a3f
|i 34a5d48a-db3a-3fe8-9416-209034f108b5
|t 0
|
| 952 |
f |
f |
|p ric
|a Texas A&M University
|b Rellis Campus
|c Joint Library Facility
|d Remote Storage
|t 0
|e PR4168 .W49 1986
|h Library of Congress classification
|i unmediated -- volume
|m A14811086260
|
| 998 |
f |
f |
|a PR4168 .W49 1986
|t 0
|l Remote Storage
|